Online
Catalog

Huevos Fabergé. / (Record no. 35990)

MARC details
000 -CABECERA
campo de control de longitud fija 00572nam a2200193 a 4500
001 - NÚMERO DE CONTROL
campo de control 000036499
005 - FECHA Y HORA DE LA ÚLTIMA TRANSACCIÓN
campo de control 20200930075751.0
008 - DATOS DE LONGITUD FIJA--INFORMACIÓN GENERAL
campo de control de longitud fija 120118s1999 sp a 000 0 spa d
020 ## - NÚMERO INTERNACIONAL ESTÁNDAR DEL LIBRO
Número Internacional Estándar del Libro 848403500X
040 ## - FUENTE DE LA CATALOGACIÓN
Centro catalogador/agencia de origen DO-SdBNP
Lengua de catalogación spa
Centro/agencia transcriptor BNPHU
082 ## - NÚMERO DE LA CLASIFICACIÓN DECIMAL DEWEY
Número de clasificación xxxx
Número de documento/Ítem H888
240 00 - TÍTULO UNIFORME
Título uniforme Farbergé egss
Lenguaje de la obra Español
245 00 - MENCIÓN DE TÍTULO
Título Huevos Fabergé. /
Mención de responsabilidad, etc. traductor Javier Alfonso López.
260 ## - PUBLICACIÓN, DISTRIBUCIÓN, ETC.
Lugar de publicación, distribución, etc. Madrid, España :
Nombre del editor, distribuidor, etc. Edimat Libros,
Fecha de publicación, distribución, etc. 1999.
300 ## - DESCRIPCIÓN FÍSICA
Extensión 64 p. :
Otras características físicas ils. ;
Dimensiones 21 cm.
490 1# - MENCIÓN DE SERIE
Mención de serie Estilo del arte
700 1# - PUNTO DE ACCESO ADICIONAL--NOMBRE DE PERSONA
Nombre de persona Alfonso López,
Término indicativo de función/relación tr.
9 (RLIN) 62741
830 #0 - PUNTO DE ACCESO ADICIONAL DE SERIE-TÍTULO UNIFORME
Título uniforme Estilo del arte
9 (RLIN) 62742
Holdings
Estado de retiro Estado de pérdida Restricciones de uso No para préstamo Código de colección Localización permanente Ubicación/localización actual Ubicación en estantería Fecha de adquisición Número de inventario Total de préstamos Signatura topográfica completa Código de barras Fecha visto por última vez Precio válido a partir de Tipo de ítem Koha
      Excluido de préstamo Monografías: Libros y Folletos General General En catalogación 18.01.2012 LF1   xxxx H888 36500-10 25.06.2020 25.06.2020 No se presta

Powered by Koha